Combatir la pobreza desde telecentros en Mali y Colombia = Fighting poverty from telecentres in Mali and Colombia /

Salvato in:
Dettagli Bibliografici
Autore principale: Sabenes Plou, Dafne
Natura: testo
Tags: Aggiungi Tag
Nessun Tag, puoi essere il primo ad aggiungerne!!

MARC

LEADER 00000 a a2200000 04500
001 45208
003
040
100 |a Sabenes Plou, Dafne  
245 |a Combatir la pobreza desde telecentros en Mali y Colombia =   |b Fighting poverty from telecentres in Mali and Colombia /  |c Dafne Sabenes Plou  
773 |g volumen21, número4 ( , 2008), páginas 24-27  
999 |c 28924  |d 28924